=LDR 00000nam 2200000 4500 =001 INLIS000000000002605 =005 20140825141840.0 =006 =007 =008 Ind =035 ##$$0010-061300000002605 =041 ##$$a Ind =082 ##$$a 616.132 =090 ##$$a 616.132, Sem t =100 ##$$a Semple, Peter =245 ##$$a Tekanan darah tinggi, Peter Semple; Alih bahasa, Meitasari Tjandrasa =260 ##$$a 1992 $b Jakarta =300 ##$$a 113 hlm, ilus, 19 cm =650 ##$$a Hipertensi =700 ##$$a Candrasa, Meitasari =850 ##$$a NBPNMAT =990 ##$$a 0001/BPAP-NTB/20142014 =990 ##$$a 0001/BPAP-NTB/2016 =990 ##$$a 0001/BPAP-NTB/2016